| 000 | 00559nam a22001931a 4500 | ||
|---|---|---|---|
| 001 | 5081 | ||
| 003 | OSt | ||
| 005 | 20260204212000.0 | ||
| 008 | 051107s1985||||dr ||||||b||||||||||spa|| | ||
| 050 | _aRD 861.44 R666m | ||
| 100 | _aMedrano Marte, Rómulo | ||
| 245 | _aRomulo Medrano Marte: (Antología poética) / Rómulo Medrano Marte | ||
| 264 | _aSanto Domingo : Biblioteca Nacional | ||
| 300 | _a46 p | ||
| 490 | _aColección Orfeo | ||
| 650 | _aAntología Política - Romulo Medrano Marte | ||
| 700 | _aPerez, Ricardo Ant. (Comp.)Ì | ||
| 942 |
_2ddc _cBK |
||
| 999 |
_c5081 _d5081 |
||